000 00250nam a2200109Ia 4500
008 220204s9999 xx 000 0 und d
082 _a82-3
_bROB
100 _aRobinson, Jill
245 0 _aBedtime story
260 _aLondon
_bArrow
_c1978
942 _cBK
999 _c33984
_d33984